Responses for Show #3507 - Tuesday, November 30, 1999

Contestants

[<< previous game]

Delori Hawkins, an administrator from Cincinnati, Ohio

Eric Wagner, a high school English teacher from Corona, California

Chris Schlekat, an environmental scientist from Menlo Park, California (whose 1-day cash winnings total $8,399)

[next game >>]

Jeopardy! Round responses

BARCELONA
COPS
1690s AMERICA
MOVIE QUOTES
(Alex: I'll give you the year & the quote; you identify the film for me.)
PLUM CRAZY
A LITTLE "R" & "R"
    $100 15
Dance

Delori
    $100 1
Fingerprints

Chris
    $100 24
Newspaper

Delori
    $100 3
Wall Street

Delori
    $100 16
Little Jack Horner

Delori
    $100 10
Ratrace

Chris
    $200 19
Christopher Columbus

Chris
    $200 2
Plainclothes

Eric
    $200 29
Annapolis

Chris
    $200 4
When Harry Met Sally...

Chris
    $200 17
Prune

Delori
    $200 12
"Rockin' Robin"

Delori
    $300 22
Pablo Picasso

Eric
    $300 5
Frisking

Chris
    $300 28
William and Mary

Delori
    $300 7
Marathon Man

Eric
    $300 18
Duck sauce

Eric
    $300 13
Richard Roe

Triple Stumper
    $300 25
(and we have less than a minute to go...)

1992

Delori
    $400 6
All Points Bulletin

Eric
    $400 27
Captain Kidd

Triple Stumper
    $400 8
This Is Spinal Tap

Eric
    $400 20
(D: Who was Carver?)

Luther Burbank

Delori
Triple Stumper
    $400 14
Retrorocket

Chris
    $500 26
Catalan/Catalonian

Chris
    $500 11
10-4

Chris
    $500 30
Massachusetts

Chris
    $500 9
Mr. Smith Goes to Washington

Eric
    $500 21
Sloe

Chris
    $500 23
Rough Riders

Eric

Scores at the first commercial break (after clue 15):

Chris Eric Delori
$1,600 $1,800 $400

Scores at the end of the Jeopardy! Round:

Chris Eric Delori
$3,500 $2,900 $1,000

Double Jeopardy! Round responses

NUCLEAR PHYSICIST'S DICTIONARY
U.S.A.
LITERARY LOCALES
SPORTS VENUES
SHAKESPEARE
BRITISH SPELLING BEE
(Alex: We will give you a clue, you have to spell the word the way the British people would spell it.)
    $200 4
Accelerators

Chris
    $200 15
Casper

Eric
    $200 1
"Peter Pan"

Delori
    $200 3
Iago

Chris
    $200 14
C-O-L-O-U-R

Delori
    $400 5
Cold fusion

Chris
    $400 17
Fish

Delori
    $400 2
(D: What is "The Hounds of Baskerville?")
(C: What is "The Hound of the Baskerville?")

"The Hound of the Baskervilles"

ChrisEricDelori
    $400 24
(less than a minute to go...)

Louisiana Superdome

Chris
    $400 7
Puck

Eric
    $400 16
C-O-N-N-E-X-I-O-N

Delori
    $600 6
Quarks

Eric
    $600 18
Maine

Chris
    $600 11
"The Odyssey"

Eric
    $600 23
Bangkok

Delori
    $600 8
Lead

Eric
    $600 20
K-E-R-B

Triple Stumper
    $800 19
Geiger counter

Delori
    $800 21
(D: What is Montpelier?)

Burlington

ChrisDelori
    $800 12
(C: What is Voltaire?)
(E: What is "Pilgrims Progress?")
(D: What is "Gulliver's Travels?")

"Paradise Lost"

ChrisEricDelori
Triple Stumper
    $1,100 25
Ebbets Field

Chris
    $800 9
Antony

Eric
    $800 27
(buzzer sounds)

N-O-U-G-H-T-S

Triple Stumper
    $1000 22
The Boston Athenaeum

Triple Stumper
    $1000 13
"1984"

Eric
    $1000 26
Alamodome (San Antonio Spurs)

Delori
    $1,000 10
Richard III

Eric

Scores at the end of the Double Jeopardy! Round:

Chris Eric Delori
$6,000 $7,700 $2,600

[wagering suggestions for these scores]

Final Jeopardy! Round responses

JAZZ SINGERS
DeloriWho is ?
$1,701
ChrisWho was Fitzgerald?
$5,999
EricWho is Mel Torme?
$4,301
Mel Torme

Final scores:

Chris Eric Delori
$1 $12,001 $899
3rd place: Yahoo! Shopping Gift Certificate/Shopping Spree New champion: $12,001 2nd place: Gateway 466C Desktop Computer & Broyhill Computer Home Office Cabinet

Game dynamics:

Coryat scores:

Chris Eric Delori
$5,700 $7,700 $2,700
18 R
(including 1 DD),
2 W
17 R
(including 1 DD),
1 W
15 R
(including 1 DD),
4 W

Combined Coryat: $16,100

[game clues] [game scores] [suggest correction]

Game tape date: 1999-08-25
The J! Archive is created by fans, for fans. Scraping, republication, monetization, and malicious use prohibited; this site may use cookies and collect identifying information. See terms. The Jeopardy! game show and all elements thereof, including but not limited to copyright and trademark thereto, are the property of Jeopardy Productions, Inc. and are protected under law. This website is not affiliated with, sponsored by, or operated by Jeopardy Productions, Inc. Join the discussion at JBoard.tv.